| 000 | 01266nam a2200349 a 4500 | ||
|---|---|---|---|
| 001 | ebr10526921 | ||
| 003 | CaPaEBR | ||
| 006 | m u | ||
| 007 | cr cn||||||||| | ||
| 008 | 820107s1979 ne sb 000 0 eng d | ||
| 010 | _z 81467703 | ||
| 020 | _z9027220069 | ||
| 020 | _z9789027220066 | ||
| 020 | _z9789027274526 (e-book) | ||
| 040 |
_aCaPaEBR _cCaPaEBR |
||
| 035 | _a(OCoLC)778436322 | ||
| 050 | 1 | 4 |
_aPA2350.H65 _bR65eb |
| 082 | 0 | 4 |
_a478.3/421 _219 |
| 100 | 1 | _aRomeo, Luigi. | |
| 245 | 1 | 0 |
_aEcce homo! _h[electronic resource] : _bA lexicon of man / _cLuigi Romeo. |
| 260 |
_aAmsterdam : _bJ. Benjamins B.V., _c1979. |
||
| 300 | _axvi, 163 p. | ||
| 504 | _aIncludes bibliographical references. | ||
| 533 |
_aElectronic reproduction. _bPalo Alto, Calif. : _cebrary, _d2012. _nAvailable via World Wide Web. _nAccess may be limited to ebrary affiliated libraries. |
||
| 650 | 0 | _aHomo (The Latin word) | |
| 650 | 0 |
_aHuman beings _vTerminology. |
|
| 650 | 0 |
_aLatin language _xSemantics. |
|
| 650 | 0 |
_aLatin language _vTerms and phrases. |
|
| 655 | 7 |
_aElectronic books. _2local |
|
| 710 | 2 | _aebrary, Inc. | |
| 856 | 4 | 0 |
_uhttp://site.ebrary.com/lib/rucke/Doc?id=10526921 _zAn electronic book accessible through the World Wide Web; click to view |
| 999 |
_c144845 _d144845 |
||